| 000 | 02034cam a22003257a 4500 | ||
|---|---|---|---|
| 020 | _a1605111007 (hbk.) | ||
| 020 | _a9781605111001 (hbk.) | ||
| 082 |
_a669.142 _bARC _cL-17, P-33 |
||
| 245 | 0 | 0 |
_aAdvanced intermetallic-based alloys for extreme environment and energy applications : _bSymposium held December 1-4, 2008, Boston, Massachusetts, U.S.A. / _ceditors: Martin Palm ... [et al.]. |
| 260 |
_aWarrendale, Pa. : _bMaterials Research Society, _cc2009. |
||
| 300 |
_axix, 560 p. : _bill. ; _c24 cm. |
||
| 490 | 1 | _aMaterials Research Society symposium proceedings, | |
| 500 | _a"Symposium U, 'Advanced Intermetallic-Based Alloys for Extreme Environment and Energy Applications,' held December 1-4 at the 2008 MRS Fall Meeting in Boston, Massachusetts"--Preface. | ||
| 505 | 0 | _aSection titles : Intermetallics for hydrogen storage and thermoelectic applications -- Iron aluminides, physical metallurgy, processing and properties -- Titanium aluminides I, physical metallurgy, processing and properties -- Titanium aluminides II, structure, properties and coatings -- Poster session: iron aluminides, titanium aluminides, nickel aluminides and silicides -- Nickel/cobalt superalloys and nickel aluminides -- Niobium and molybdenum silicide-based alloys -- Laves phases--structure and properties -- Fundamental aspects of intermetallics, phase stability, defects, theory. | |
| 526 |
_a0 _b0 _c0 _d669_142000000000000_ARC |
||
| 650 | 0 | _aAlloys | |
| 650 | 0 |
_aHeat resistant alloys _945181 |
|
| 650 | 0 |
_aIntermetallic compounds _945182 |
|
| 650 | 0 |
_aIron-aluminum alloys _945183 |
|
| 650 | 0 |
_aMCE _9379 |
|
| 650 | 0 |
_aMetallurgy _925466 |
|
| 650 | 0 |
_aNiobium alloys _945184 |
|
| 650 | 0 |
_aOrder-disorder in alloys _945185 |
|
| 650 | 0 |
_aTitanium alloys _945186 |
|
| 700 | 1 |
_aPalm, Martin. _945187 |
|
| 710 | 2 |
_aMaterials Research Society. _941003 |
|
| 856 | 4 | 0 | _uhttp://www.mrs.org/s%5Fmrs/sec%5Fsubscribe.asp?CID=16789&DID=217001 |
| 856 | 4 | 2 | _uhttp://www.loc.gov/catdir/enhancements/fy1113/2011377445-d.html |
| 942 |
_2ddc _cBK |
||
| 999 |
_c548761 _d548761 |
||